00699nam a2200205 a 4500008004100000020001900041040002500060041000800085044001100093080002700104080002000131100002500151245008700176260006100263300001700324500004700341500003700388651004300425700002500468960412s1996 m yxo r 0 slo c a8085575132c10 aSNKbslocSNKeAACR21 aslo axocSK a908.437.683-21(084.12) a779(437.683-21)1 aGojdič, Pavel4aut10aSvidníkctext: Pavel Gojdič ; fotografie a grafická úprava: Dionýz Dugas aPrešovbDINOaSvidníkbMestský úrad [vyd.]c1996 a62 s.c21 cm aSúbež. text angl., nem., rus. a poľ. aRozlož. fotogr. na tit. strane07aSvidník (Slovensko)xfotografie2SNK1 aDugas, Dionýz4pht